000 00657nam a2200229 a 4500
999 _c5667
_d5667
001 5667
003 BD-JhCC
005 20171219172940.0
008 171217s2012 bg |||| ||a| 000 0 ben d
020 _a984075002X
035 _a(BD-JhCC)5667
040 _aBD-JhCC
_dBD-JhCC
041 _aben
082 _a920
_bAKH 2012
100 _aআখতার, শাহীদা
245 _aভাষাশহীদ আবদুস সালাম /
_cশাহীদা আখতার
260 _aঢাকা :
_bবাংলা একাডেমী,
_c2012.
300 _a52p. :
_c22 cm.
650 _aBiography
942 _2ddc
_cBK